[Event "Moscow Petrosian Memorial op"]
[Site "Moscow"]
[Date "2015.01.06"]
[Round "3"]
[White "Merzlyakov, Vyacheslav"]
[Black "Arhipkin, Ilya"]
[Result "1/2-1/2"]
[WhiteElo "1753"]
[BlackElo "1920"]
[PlyCount "49"]
[EventDate "2015.01.04"]
[EventType "swiss"]
[EventRounds "9"]
[EventCountry "RUS"]
[SourceTitle "CBM 164 Extra"]
[Source "ChessBase"]
[SourceDate "2015.03.02"]
[SourceVersion "1"]
[SourceVersionDate "2015.03.02"]
[SourceQuality "1"]

1. d4 d5 2. Bg5 Nf6 3. Nd2 e6 4. Ngf3 Be7 5. e3 0-0 6. c4 c6 7. Bd3 Nbd7 8. 0-0 dxc4 9. Nxc4 c5 10. Qc2 h6 11. Bh4 cxd4 12. Nxd4 Nd5 13. Bxe7 Qxe7 14. a3 a6 15. b4 N7f6 16. Qd2 e5 17. Nb3 Rd8 18. Qc2 Bd7 19. Nc5 Be8 20. Rfd1 b6 21. Ne4 Rac8 22. Nxf6+ Nxf6 23. Qb3 e4 24. Be2 Rxd1+ 25. Rxd1 1/2-1/2